[Event "4NCL/Div4b/HAL vs. ADD"]
[Site "Telford ENG"]
[Date "2004.11.07"]
[Round "2.1"]
[White "Ambrose, Andy"]
[Black "Briscoe, Christopher"]
[Result "0-1"]
[WhiteElo "1930"]
[BlackElo "2169"]
[PlyCount "91"]
[EventDate "2004.11.07"]
[SourceDate "2004.09.21"]

1. e4 Nc6 2. Nf3 e5 3. Bb5 f5 4. Bxc6 dxc6 5. exf5 Bd6 6. O-O Qf6 7. d3 Bxf5 8.
Nbd2 Ne7 9. Ne4 Bxe4 10. dxe4 Ng6 11. Qe2 h6 12. Be3 O-O 13. Nd2 Nf4 14. Bxf4
Qxf4 15. g3 Qg5 16. Rae1 Kh7 17. Nc4 Bb4 18. c3 Bc5 19. Rd1 a5 20. Rd3 Rf7 21.
Kg2 Raf8 22. f3 b6 23. a3 a4 24. Ne3 g6 25. Nc2 Qf6 26. Ne1 Qe6 27. Nc2 b5 28.
Rfd1 h5 29. Qd2 h4 30. Rf1 Kg7 31. g4 Be7 32. h3 Kg8 33. Qe2 Bg5 34. Kh1 Qc4
35. Ne3 Qb3 36. c4 Qa2 37. Nd1 Qxc4 38. Ne3 Qe6 39. Ng2 Rd7 40. Rxd7 Qxd7 41.
Rd1 Qe7 42. Qd3 Qf6 43. Rf1 Rd8 44. Qc3 Rd4 45. Kg1 Qd6 46. Ne3 0-1

[Event "4NCL/Div4b/HAL vs. ADD"]
[Site "Telford ENG"]
[Date "2004.11.07"]
[Round "2.2"]
[White "Seymour, Timothy P"]
[Black "Peck, Windsor W"]
[Result "0-1"]
[WhiteElo "2053"]
[BlackElo "1925"]
[PlyCount "100"]
[EventDate "2004.11.07"]
[SourceDate "2004.09.21"]

1. e4 e6 2. d4 d5 3. Nd2 Nf6 4. e5 Nfd7 5. c3 c5 6. Bd3 Nc6 7. Ne2 Qb6 8. Nf3
cxd4 9. cxd4 Be7 10. O-O O-O 11. Re1 f5 12. exf6 Nxf6 13. Nf4 Nd8 14. Ne5 Nc6
15. Nxc6 Qxc6 16. Qe2 Bb4 17. Bd2 Bxd2 18. Qxd2 Qd6 19. g3 Bd7 20. Rac1 Rae8
21. Bb1 e5 22. dxe5 Rxe5 23. Rxe5 Qxe5 24. Re1 Qd6 25. a3 Re8 26. Rxe8+ Bxe8
27. Ba2 Bf7 28. Qd4 b6 29. Nd3 Kf8 30. f3 Be6 31. Kf2 Ke7 32. Ke3 Bf7 33. Qe5+
Qxe5+ 34. Nxe5 d4+ 35. Kxd4 Bxa2 36. Nc6+ Kd7 37. Nxa7 Bd5 38. f4 Bc6 39. Ke5
Ng4+ 40. Kf5 Nxh2 41. Nxc6 Kxc6 42. Ke6 h5 43. Kf5 Nf1 44. Kg5 Nxg3 45. Kh4 Ne2
46. f5 Nd4 47. Kxh5 Nxf5 48. Kg6 Ne3 49. b3 Kb5 50. Kxg7 Nc2 0-1

[Event "4NCL/Div4b/HAL vs. ADD"]
[Site "Telford ENG"]
[Date "2004.11.07"]
[Round "2.3"]
[White "Curry, Don"]
[Black "Dupré, Paul D"]
[Result "0-1"]
[WhiteElo "1800"]
[BlackElo "2057"]
[PlyCount "80"]
[EventDate "2004.11.07"]
[SourceDate "2004.09.21"]

1. e4 e6 2. d4 d5 3. Nd2 Nf6 4. e5 Nfd7 5. Bd3 c5 6. c3 Qb6 7. Ne2 Nc6 8. Nf3
cxd4 9. cxd4 f6 10. exf6 Nxf6 11. O-O Bd6 12. Nc3 a6 13. Re1 O-O 14. Na4 Qc7
15. Bg5 b5 16. Nc3 Ng4 17. g3 Qf7 18. Kg2 h6 19. Be3 e5 20. dxe5 Ncxe5 21. Nxe5
Nxe3+ 22. fxe3 Qf2+ 23. Kh1 Bxe5 24. Qc2 Qf3+ 25. Qg2 Bb7 26. Bc2 Qxg2+ 27.
Kxg2 d4+ 28. Ne4 d3 29. Bxd3 Rad8 30. Kg1 Rxd3 31. Nc5 Rd2 32. Nxb7 Rff2 33.
Nc5 Rg2+ 34. Kh1 Rxh2+ 35. Kg1 Rhg2+ 36. Kh1 Rxg3 37. Ne4 Rh3+ 38. Kg1 Bh2+ 39.
Kh1 Rxb2 40. Red1 Bf4+ 0-1

[Event "4NCL/Div4b/HAL vs. ADD"]
[Site "Telford ENG"]
[Date "2004.11.07"]
[Round "2.4"]
[White "Hamilton, Robert"]
[Black "Clark, Maureen"]
[Result "1-0"]
[WhiteElo "1970"]
[BlackElo "1720"]
[PlyCount "107"]
[EventDate "2004.11.07"]
[SourceDate "2004.09.21"]

1. e4 e6 2. d4 d5 3. Nd2 c5 4. c3 Bd7 5. Ngf3 cxd4 6. cxd4 dxe4 7. Nxe4 Bc6 8.
Bd3 Nd7 9. O-O Be7 10. Re1 Ngf6 11. Nc3 O-O 12. Bc2 Bb4 13. Qd3 Bxf3 14. Qxf3
Bxc3 15. bxc3 Qc8 16. Bg5 Qc7 17. h4 Rac8 18. Rac1 Qc6 19. Qd3 h6 20. Bf4 Qc4
21. Qd2 Qd5 22. Re3 Nh5 23. Be5 Nhf6 24. Bf4 Qh5 25. Rg3 Ng4 26. f3 f5 27. fxg4
fxg4 28. Bd6 Rf6 29. Qd3 Kf7 30. Be5 Rf5 31. Rf1 g6 32. Qe2 Rxf1+ 33. Kxf1 Nxe5
34. Qxe5 Qxe5 35. dxe5 h5 36. Ke2 Rc5 37. Re3 b5 38. Bb3 a5 39. a4 bxa4 40.
Bxa4 Rc4 41. Bb3 Rc7 42. Kd3 Ra7 43. Re4 Ke7 44. Rd4 Ra6 45. Ba4 Ra7 46. c4 Rb7
47. c5 Rb2 48. Bc2 Rb7 49. c6 Rc7 50. Ba4 Ra7 51. Kc4 Ra8 52. Kc5 Rc8 53. Rd7+
Ke8 54. c7 1-0

[Event "4NCL/Div4b/HAL vs. ADD"]
[Site "Telford ENG"]
[Date "2004.11.07"]
[Round "2.5"]
[White "Hendrickson, Jason"]
[Black "Goggin, Eamonn P"]
[Result "0-1"]
[WhiteElo "1705"]
[BlackElo "1870"]
[PlyCount "80"]
[EventDate "2004.11.07"]
[SourceDate "2004.09.21"]

1. d4 Nf6 2. c4 g6 3. Nc3 d5 4. Nf3 Bg7 5. h3 O-O 6. Bf4 c6 7. e3 Qa5 8. a3 Ne4
9. Qa4 Qxa4 10. Nxa4 b5 11. cxb5 Bd7 12. Nc5 Nxc5 13. dxc5 Bxb2 14. Ra2 Bc3+
15. Nd2 cxb5 16. Rc2 Bg7 17. Be2 a6 18. O-O Nc6 19. Bf3 Bf5 20. e4 dxe4 21.
Bxe4 Bxe4 22. Nxe4 Rad8 23. Bc7 Rd7 24. Bb6 Rb8 25. Rd2 Rbb7 26. Rfd1 Rxd2 27.
Rxd2 Kf8 28. Ng5 h6 29. Nf3 Ke8 30. Ne1 Rd7 31. Rc2 Rd1 32. Re2 Ne5 33. Kh2 Nc4
34. Nc2 Be5+ 35. g3 Bc3 36. Ne3 Rd2 37. Rxd2 Bxd2 38. Nxc4 bxc4 39. c6 Bc1 40.
Kg2 c3 0-1

[Event "4NCL/Div4b/HAL vs. ADD"]
[Site "Telford ENG"]
[Date "2004.11.07"]
[Round "2.6"]
[White "Rhodes, Peter"]
[Black "Borley, Martin"]
[Result "1/2-1/2"]
[WhiteElo "1815"]
[BlackElo "1660"]
[PlyCount "86"]
[EventDate "2004.11.07"]
[SourceDate "2004.09.21"]

1. Nf3 d5 2. g3 Nc6 3. Bg2 e6 4. d3 Nf6 5. Nbd2 Bd6 6. O-O O-O 7. c4 Ne7 8. a3
c6 9. b4 b6 10. Bb2 Ng6 11. e4 dxe4 12. dxe4 e5 13. Qc2 c5 14. Nb3 Qe7 15. bxc5
Bxc5 16. Nxc5 Qxc5 17. a4 Re8 18. Ba3 Qc6 19. Nd4 Qd7 20. Nb5 Re6 21. Rad1 Qc6
22. Bh3 Re8 23. Bxc8 Rexc8 24. Nd6 Rc7 25. f3 Ne8 26. c5 bxc5 27. Nb5 Rcc8 28.
Rc1 c4 29. Rfd1 h6 30. Kg2 a6 31. Nd6 Nxd6 32. Rxd6 Qc7 33. Rd5 Qb7 34. Rb1 Qc6
35. Rc5 Qxc5 36. Bxc5 Rxc5 37. Rb4 Rac8 38. Rb6 Ra8 39. Kf2 Nf8 40. Rd6 Ne6 41.
Rd5 Rac8 42. Qc3 f6 43. Rxc5 Rxc5 1/2-1/2

[Event "4NCL/Div4b/HKF2 vs. SCS2"]
[Site "Telford ENG"]
[Date "2004.11.07"]
[Round "2.1"]
[White "Cooper, Lawrence"]
[Black "Clarke, Sean A"]
[Result "1-0"]
[WhiteElo "2304"]
[BlackElo "1685"]
[PlyCount "75"]
[EventDate "2004.11.07"]
[SourceDate "2004.09.21"]

1. e4 e5 2. Nf3 Nc6 3. Bb5 Nd4 4. Nxd4 exd4 5. O-O c6 6. Bc4 b5 7. Bb3 Ne7 8.
c3 c5 9. cxd4 c4 10. Bc2 Nc6 11. d5 Nd4 12. d3 Qc7 13. dxc4 Nxc2 14. Qxc2 Ba6
15. Be3 Rc8 16. Nd2 bxc4 17. Qa4 Qb7 18. Rfc1 Be7 19. Nxc4 Bxc4 20. Rxc4 Rxc4
21. Qxc4 O-O 22. Bd4 Rc8 23. Qd3 Qc7 24. Qc3 Bb4 25. Qxb4 Qc1+ 26. Qe1 Qxe1+
27. Rxe1 a6 28. Be3 Rc2 29. Rc1 Rxc1+ 30. Bxc1 Kf8 31. Kf1 Ke7 32. Ke2 f5 33.
e5 h6 34. b4 Kd8 35. a4 Kc7 36. b5 g5 37. bxa6 Kb6 38. e6 1-0

[Event "4NCL/Div4b/HKF2 vs. SCS2"]
[Site "Telford ENG"]
[Date "2004.11.07"]
[Round "2.2"]
[White "Brain, Gus"]
[Black "Burrows, Martin P"]
[Result "0-1"]
[WhiteElo "1495"]
[BlackElo "2201"]
[PlyCount "84"]
[EventDate "2004.11.07"]
[SourceDate "2004.09.21"]

1. e4 c5 2. Nc3 Nc6 3. Bb5 Nd4 4. Bd3 g6 5. Nf3 Bg7 6. O-O d6 7. b3 Bg4 8. Bb2
Bxf3 9. gxf3 a6 10. Rb1 e6 11. f4 Qh4 12. Be2 Qxf4 13. f3 Nf6 14. Bd3 Nh5 15.
Ne2 Nxe2+ 16. Qxe2 Bxb2 17. Rxb2 Qe5 18. Rbb1 Nf4 19. Qe3 O-O 20. Kh1 b5 21. c3
Nxd3 22. Qxd3 d5 23. Rbe1 c4 24. Qd4 Qxd4 25. cxd4 dxe4 26. bxc4 bxc4 27. Rxe4
Rab8 28. Rd1 Rb2 29. a4 Ra2 30. a5 Rxa5 31. Re5 Rxe5 32. dxe5 Rd8 33. Rc1 Rxd2
34. Rxc4 Ra2 35. f4 Kg7 36. h4 a5 37. Kg1 a4 38. Kf1 a3 39. Ra4 Ra1+ 40. Ke2 a2
41. Kd2 Rh1 42. Rxa2 Rh2+ 0-1

[Event "4NCL/Div4b/HKF2 vs. SCS2"]
[Site "Telford ENG"]
[Date "2004.11.07"]
[Round "2.3"]
[White "Pafura, Godfrey"]
[Black "Sutton, Louise"]
[Result "1-0"]
[WhiteElo "2105"]
[BlackElo "1450"]
[PlyCount "45"]
[EventDate "2004.11.07"]
[SourceDate "2004.09.21"]

1. d4 d5 2. Nf3 Nf6 3. c4 e6 4. Nc3 Nc6 5. Bg5 Be7 6. e3 Bd7 7. Bxf6 Bxf6 8.
cxd5 exd5 9. Nxd5 Be7 10. Nc3 Bf6 11. a3 O-O 12. Bd3 Be6 13. O-O Ne7 14. Qc2 g6
15. h3 a6 16. Rfd1 Rb8 17. Rac1 c6 18. Ne4 Bg7 19. Nc5 Bd7 20. Ne5 Bxe5 21.
dxe5 Be8 22. Bxg6 Qc7 23. Bxh7+ 1-0

[Event "4NCL/Div4b/BRJ vs. MONM"]
[Site "Telford ENG"]
[Date "2004.11.07"]
[Round "2.1"]
[White "Haydon, Richard"]
[Black "Morris, Gareth L"]
[Result "1-0"]
[WhiteElo "2196"]
[BlackElo "2142"]
[PlyCount "69"]
[EventDate "2004.11.07"]
[SourceDate "2004.09.21"]

1. Nf3 d5 2. g3 Bg4 3. Bg2 c6 4. O-O Nd7 5. d3 e5 6. e4 dxe4 7. dxe4 Bc5 8. h3
Be6 9. Qe2 h6 10. Nbd2 b5 11. a3 a6 12. b4 Ba7 13. Bb2 f6 14. c4 Nb6 15. Rac1
Nxc4 16. Nxc4 Bxc4 17. Rxc4 bxc4 18. Qxc4 Ne7 19. h4 h5 20. Bh3 Qd6 21. Kg2 Bb6
22. Qe2 Ra7 23. Rd1 Qb8 24. Qc4 Kf8 25. Bxe5 fxe5 26. Ng5 Ng8 27. Bd7 Nh6 28.
Rd3 g6 29. Qe6 Bd8 30. Rf3+ Kg7 31. Be8 Rxe8 32. Qxe8 Qd6 33. Ne6+ Kh7 34. Rf8
Bf6 35. Rxf6 1-0

[Event "4NCL/Div4b/BRJ vs. MONM"]
[Site "Telford ENG"]
[Date "2004.11.07"]
[Round "2.2"]
[White "Beveridge, Nigel K"]
[Black "Richmond, Peter A"]
[Result "0-1"]
[WhiteElo "2000"]
[BlackElo "2257"]
[PlyCount "98"]
[EventDate "2004.11.07"]
[SourceDate "2004.09.21"]

1. Nf3 d5 2. c4 e6 3. g3 Nf6 4. Bg2 Be7 5. O-O O-O 6. b3 c5 7. e3 Nc6 8. Bb2
dxc4 9. bxc4 Qd3 10. Qb3 Rd8 11. Qxd3 Rxd3 12. Ne5 Nxe5 13. Bxe5 Nd7 14. Bb2
Bf6 15. Bxf6 gxf6 16. Rd1 Ne5 17. Bf1 Rd6 18. f4 Nc6 19. Nc3 f5 20. d3 b6 21.
Bg2 Bb7 22. d4 cxd4 23. exd4 Rad8 24. d5 Na5 25. dxe6 Bxg2 26. exf7+ Kxf7 27.
Kxg2 Rd2+ 28. Kg1 Nxc4 29. Rxd2 Rxd2 30. Nb5 a6 31. Nc7 a5 32. a4 Rb2 33. Nb5
Ke6 34. Nd4+ Kf6 35. Nb5 Nd2 36. Ra3 Nb3 37. Nc3 Ke6 38. Nd1 Rb1 39. Kg2 Nc5
40. Re3+ Ne4 41. Nc3 Rb3 42. Nd1 Rxe3 43. Nxe3 Nc5 44. g4 fxg4 45. f5+ Kf7 46.
Nxg4 Nxa4 47. Kf3 Nc5 48. Ke3 a4 49. Kd4 a3 0-1

[Event "4NCL/Div4b/BRJ vs. MONM"]
[Site "Telford ENG"]
[Date "2004.11.07"]
[Round "2.3"]
[White "Cabero, Pablo Padilla"]
[Black "Waterfield, John"]
[Result "1/2-1/2"]
[WhiteElo "2015"]
[BlackElo "2045"]
[PlyCount "83"]
[EventDate "2004.11.07"]
[SourceDate "2004.09.21"]

1. d4 Nf6 2. b3 c5 3. e3 g6 4. Bb2 Bg7 5. Nd2 cxd4 6. exd4 d5 7. Ngf3 O-O 8.
Bd3 Nc6 9. a3 e5 10. Nxe5 Nxe5 11. dxe5 Ng4 12. Nf3 Re8 13. O-O Nxe5 14. Nxe5
Bxe5 15. Bxe5 Rxe5 16. Re1 Qg5 17. Rxe5 Qxe5 18. Qe1 f6 19. c4 Qxe1+ 20. Rxe1
dxc4 21. Bxc4+ Kf8 22. Bd5 Rb8 23. Rc1 Bf5 24. f3 Rc8 25. Rxc8+ Bxc8 26. Kf2
Ke7 27. Ke3 Kd6 28. Kd4 g5 29. g3 b6 30. b4 Bd7 31. f4 h6 32. Bf7 a5 33. Ke4
axb4 34. axb4 Kc6 35. Bc4 Kd6 36. h4 gxh4 37. gxh4 Bh3 38. Bg8 Bg4 39. Bf7 Bd7
40. Bh5 Kc6 41. Be2 Kd6 42. Kd4 1/2-1/2

[Event "4NCL/Div4b/BRJ vs. MONM"]
[Site "Telford ENG"]
[Date "2004.11.07"]
[Round "2.4"]
[White "Dodington, Russell"]
[Black "Hall, Daniel J"]
[Result "0-1"]
[WhiteElo "1699"]
[BlackElo "2083"]
[PlyCount "62"]
[EventDate "2004.11.07"]
[SourceDate "2004.09.21"]

1. e4 d5 2. exd5 Nf6 3. Bb5+ Nbd7 4. c4 a6 5. Ba4 b5 6. cxb5 Nxd5 7. Nc3 Nb4 8.
d4 e6 9. a3 axb5 10. Bxb5 Bb7 11. Kf1 Be7 12. Be3 Nd5 13. Nxd5 Bxd5 14. Be2 Nb6
15. Rc1 O-O 16. Bd3 g6 17. h4 f5 18. Bf4 c6 19. Nf3 Bxf3 20. Qxf3 Qd5 21. Rh3
e5 22. Bh6 e4 23. Qe2 Rfb8 24. Bc4 Nxc4 25. Qxc4 Qxc4+ 26. Rxc4 Rxb2 27. Rxc6
Bxa3 28. Re3 Bb4 29. Re2 Rb1+ 30. Rc1 Rxc1+ 31. Bxc1 Ra1 0-1

[Event "4NCL/Div4b/BRJ vs. MONM"]
[Site "Telford ENG"]
[Date "2004.11.07"]
[Round "2.5"]
[White "Hall, Joshua D"]
[Black "Kinloch, Calum"]
[Result "1/2-1/2"]
[WhiteElo "1980"]
[BlackElo "1775"]
[PlyCount "100"]
[EventDate "2004.11.07"]
[SourceDate "2004.09.21"]

1. e4 e5 2. Nf3 Nc6 3. Nc3 Nf6 4. d4 exd4 5. Nxd4 Nxd4 6. Qxd4 d6 7. e5 dxe5 8.
Qxd8+ Kxd8 9. Bg5 c6 10. O-O-O+ Kc7 11. f4 Nd7 12. fxe5 Nxe5 13. Bd8+ Kb8 14.
Be2 f6 15. Ne4 Bf5 16. Ng3 Bg6 17. h4 h6 18. h5 Bh7 19. Rh4 Bc5 20. Ne4 Bxe4
21. Rxe4 Kc8 22. Ba5 b6 23. Bc3 Re8 24. Bg4+ Kc7 25. Bxe5+ Rxe5 26. Rd7+ Kb8
27. Rxe5 fxe5 28. Rxg7 Be3+ 29. Kd1 a5 30. Ke2 Bf4 31. Bf3 Ra7 32. Rxa7 Kxa7
33. Bxc6 Kb8 34. Kf3 Kc7 35. Bd5 Kd6 36. Ke4 b5 37. b3 b4 38. Bc4 Kc5 39. Kd3
Bg5 40. c3 Bf4 41. cxb4+ axb4 42. Ke4 Kd6 43. Kf5 Kc5 44. Bf7 Kd4 45. Kg4 Bg5
46. g3 e4 47. Bc4 Kc3 48. Bd5 e3 49. Kf3 Kb2 50. Ke2 Kxa2 1/2-1/2

[Event "4NCL/Div4b/BRJ vs. MONM"]
[Site "Telford ENG"]
[Date "2004.11.07"]
[Round "2.6"]
[White "Kinloch, Matthew"]
[Black "Tomboline, David"]
[Result "1/2-1/2"]
[WhiteElo "1745"]
[BlackElo "1990"]
[PlyCount "42"]
[EventDate "2004.11.07"]
[SourceDate "2004.09.21"]

1. e4 e6 2. d4 d5 3. exd5 exd5 4. Nf3 Nc6 5. Be3 Bg4 6. Nbd2 Nf6 7. c3 Bd6 8.
Bd3 Ne7 9. Qc2 Ng6 10. O-O O-O 11. Rfe1 Bxf3 12. Nxf3 Ng4 13. Bg5 Nf6 14. Ne5
Be7 15. c4 c6 16. Qb3 Rb8 17. cxd5 Nxd5 18. Nxg6 hxg6 19. Bxe7 Nxe7 20. Rad1
Nd5 21. Bc4 Qd7 1/2-1/2

[Event "4NCL/Div4b/SLOS3 vs. BCA"]
[Site "Telford ENG"]
[Date "2004.11.07"]
[Round "2.1"]
[White "de Coverly, Roger"]
[Black "Mordue, A Tyson"]
[Result "1/2-1/2"]
[WhiteElo "2100"]
[BlackElo "2294"]
[PlyCount "24"]
[EventDate "2004.11.07"]
[SourceDate "2004.09.21"]

1. Nf3 d6 2. d4 Nf6 3. Nc3 g6 4. e4 Bg7 5. Be3 O-O 6. Qd2 Nc6 7. Bh6 e5 8. Bxg7
Kxg7 9. O-O-O Bg4 10. dxe5 dxe5 11. Qg5 Qe7 12. Be2 Bxf3 1/2-1/2

[Event "4NCL/Div4b/SLOS3 vs. BCA"]
[Site "Telford ENG"]
[Date "2004.11.07"]
[Round "2.2"]
[White "Ross, Chris"]
[Black "Nelson, Omowale"]
[Result "1/2-1/2"]
[WhiteElo "2131"]
[BlackElo "2086"]
[PlyCount "54"]
[EventDate "2004.11.07"]
[SourceDate "2004.09.21"]

1. e4 c6 2. d4 d5 3. e5 Bf5 4. Nf3 e6 5. Be2 c5 6. c3 Nc6 7. O-O Qb6 8. Qa4 a6
9. Nbd2 c4 10. b3 Qa5 11. Qxa5 Nxa5 12. bxc4 dxc4 13. Nxc4 Nxc4 14. Bxc4 Rc8
15. Be2 Rxc3 16. Bd2 Rc2 17. a4 Ne7 18. Rfc1 Nc6 19. Rxc2 Bxc2 20. Ra2 Be4 21.
Rb2 Nd8 22. Ba5 Be7 23. Nd2 Bc6 24. Bxd8 Bxd8 25. Bf3 Kd7 26. Bxc6+ Kxc6 27.
Nc4 b6 1/2-1/2

[Event "4NCL/Div4b/SLOS3 vs. BCA"]
[Site "Telford ENG"]
[Date "2004.11.07"]
[Round "2.3"]
[White "Lutton, J Ezra"]
[Black "Burnell, Steve"]
[Result "1-0"]
[WhiteElo "2133"]
[BlackElo "2015"]
[PlyCount "39"]
[EventDate "2004.11.07"]
[SourceDate "2004.09.21"]

1. Nc3 Nf6 2. e4 d6 3. f4 g6 4. Bc4 Bg7 5. Nf3 O-O 6. d3 e6 7. O-O Nc6 8. Qe1
Ne7 9. Qh4 d5 10. Bb3 c6 11. f5 exf5 12. Bg5 fxe4 13. dxe4 dxe4 14. Bxf6 Qb6+
15. Nd4 Nf5 16. Rxf5 Bxf5 17. Kh1 c5 18. Nd5 Qa5 19. Ne7+ Kh8 20. Bxg7+ 1-0

[Event "4NCL/Div4b/SLOS3 vs. BCA"]
[Site "Telford ENG"]
[Date "2004.11.07"]
[Round "2.4"]
[White "Williams, Robin"]
[Black "Nicholas, Koichi"]
[Result "1/2-1/2"]
[WhiteElo "1650"]
[BlackElo "2087"]
[PlyCount "110"]
[EventDate "2004.11.07"]
[SourceDate "2004.09.21"]

1. e4 e5 2. Nf3 Nc6 3. Bb5 a6 4. Ba4 Nf6 5. O-O Be7 6. Re1 b5 7. Bb3 O-O 8. a4
Bb7 9. d3 d6 10. c3 Na5 11. Bc2 c5 12. Nbd2 Re8 13. h3 Bf8 14. Nf1 h6 15. Ng3
g6 16. d4 Qc7 17. d5 Bg7 18. Nh2 Bc8 19. b4 cxb4 20. cxb4 Nc4 21. axb5 Qb8 22.
Bd2 axb5 23. Rxa8 Qxa8 24. Bb3 Bd7 25. Bxc4 bxc4 26. Qa1 Qb7 27. Qc3 Bb5 28.
Nf3 Ra8 29. Ra1 Nd7 30. Ne1 Nb6 31. Rxa8+ Qxa8 32. Qc1 Kh7 33. Nc2 Qc8 34. Na3
Ba4 35. Be3 Qc7 36. Bxb6 Qxb6 37. Qxc4 Bd7 38. b5 f5 39. exf5 gxf5 40. Qb4 e4
41. Nc4 Qd4 42. b6 Bc8 43. b7 Bxb7 44. Qxb7 Qxc4 45. Nxf5 Qc1+ 46. Kh2 Qf4+ 47.
Ng3 Qxf2 48. Nh5 Qd4 49. Qxg7+ Qxg7 50. Nxg7 Kxg7 51. Kg3 e3 52. Kf3 Kf6 53.
Kxe3 Ke5 54. g4 Kxd5 55. h4 Ke5 1/2-1/2

[Event "4NCL/Div4b/SLOS3 vs. BCA"]
[Site "Telford ENG"]
[Date "2004.11.07"]
[Round "2.5"]
[White "Payne, Nick"]
[Black "Kit Chan, Yan"]
[Result "1-0"]
[WhiteElo "2079"]
[BlackElo "1660"]
[PlyCount "55"]
[EventDate "2004.11.07"]
[SourceDate "2004.09.21"]

1. e4 c5 2. Nc3 d6 3. g3 Nf6 4. Bg2 Nc6 5. d3 Ne5 6. h3 Be6 7. Be3 h5 8. f4 Nc6
9. Nf3 Qb6 10. Qd2 Nd4 11. O-O Nxf3+ 12. Rxf3 Qc7 13. Rf2 g6 14. d4 cxd4 15.
Bxd4 Qc8 16. f5 gxf5 17. exf5 Bd7 18. Re1 e5 19. fxe6 fxe6 20. Bxf6 Rg8 21. Qd1
Be7 22. Qxh5+ Kd8 23. Bxe7+ Kc7 24. Bxd6+ Kxd6 25. Qe5+ Ke7 26. Nd5+ Kd8 27.
Qf6+ Ke8 28. Qe7# 1-0

[Event "4NCL/Div4b/SLOS3 vs. BCA"]
[Site "Telford ENG"]
[Date "2004.11.07"]
[Round "2.6"]
[White "Irving, Alastair"]
[Black "McCarthy, Kevin"]
[Result "0-1"]
[WhiteElo "1540"]
[BlackElo "2065"]
[PlyCount "72"]
[EventDate "2004.11.07"]
[SourceDate "2004.09.21"]

1. e4 e6 2. d4 d5 3. Nc3 Nf6 4. Bg5 Be7 5. e5 Nfd7 6. h4 h6 7. Bxe7 Qxe7 8. Qg4
O-O 9. O-O-O a6 10. Nge2 c5 11. Nf4 cxd4 12. Nh5 f6 13. exf6 Nxf6 14. Nxf6+
Qxf6 15. Rxd4 e5 16. Nxd5 Qf7 17. Bc4 Bxg4 18. Ne7+ Kh7 19. Bxf7 Rxf7 20. Rxg4
Rxe7 21. Re1 Nc6 22. Rge4 Rae8 23. g4 g5 24. hxg5 hxg5 25. R1e3 Kg6 26. Rb3 Rf8
27. f3 Rf6 28. Rd3 Kf7 29. c3 Ke6 30. Re2 Ref7 31. Ree3 Ne7 32. Kc2 Nd5 33. Re4
Rxf3 34. Rxf3 Rxf3 35. Kd2 Rf2+ 36. Kc1 Rf4 0-1

[Event "4NCL/Div4b/MET vs. FCA2"]
[Site "Telford ENG"]
[Date "2004.11.07"]
[Round "2.1"]
[White "Dickson, George"]
[Black "Adebajo, Femi"]
[Result "0-1"]
[WhiteElo "2114"]
[BlackElo "2045"]
[PlyCount "36"]
[EventDate "2004.11.07"]
[SourceDate "2004.09.21"]

1. d4 Nf6 2. Nf3 g6 3. Bf4 Bg7 4. e3 c6 5. Nbd2 O-O 6. Be2 d5 7. c4 Nbd7 8. h3
Nb6 9. O-O dxc4 10. Nxc4 Be6 11. Nfd2 Nfd5 12. Bh2 Bh6 13. Nb3 Nxc4 14. Bxc4
Nxe3 15. fxe3 Bxe3+ 16. Kh1 Bxc4 17. Rf3 Bh6 18. Na5 Qxa5 0-1

[Event "4NCL/Div4b/MET vs. FCA2"]
[Site "Telford ENG"]
[Date "2004.11.07"]
[Round "2.2"]
[White "Harbour, Tom"]
[Black "Calvert, D Ian"]
[Result "1/2-1/2"]
[WhiteElo "1940"]
[BlackElo "2041"]
[PlyCount "44"]
[EventDate "2004.11.07"]
[SourceDate "2004.09.21"]

1. c4 c6 2. Nc3 d5 3. d4 Nf6 4. e3 g6 5. Nf3 Bg7 6. Bd3 O-O 7. O-O Bg4 8. h3
Bxf3 9. Qxf3 e6 10. cxd5 exd5 11. Bd2 Nbd7 12. Rab1 Qe7 13. b4 Rfe8 14. Qe2 Ne4
15. Nxe4 dxe4 16. Bc2 Nb6 17. Bb3 a6 18. Rfc1 Nd5 19. Rc5 Qd7 20. a3 Bf8 21.
Rc2 Bd6 22. Re1 f5 1/2-1/2

[Event "4NCL/Div4b/MET vs. FCA2"]
[Site "Telford ENG"]
[Date "2004.11.07"]
[Round "2.3"]
[White "Djabri, Zafer M"]
[Black "Harbour, John"]
[Result "1-0"]
[WhiteElo "2072"]
[BlackElo "1935"]
[PlyCount "33"]
[EventDate "2004.11.07"]
[SourceDate "2004.09.21"]

1. c4 g6 2. Nc3 Bg7 3. g3 e6 4. Bg2 Ne7 5. e4 c6 6. d4 d5 7. cxd5 cxd5 8. e5
Nbc6 9. Nge2 O-O 10. Bg5 Qb6 11. Qd2 Bd7 12. Rd1 Rfc8 13. O-O Qd8 14. h4 Qf8
15. h5 Kh8 16. h6 Bxe5 17. dxe5 1-0

[Event "4NCL/Div4b/MET vs. FCA2"]
[Site "Telford ENG"]
[Date "2004.11.07"]
[Round "2.4"]
[White "Matthews, Adrian"]
[Black "Edgar, Richard"]
[Result "1-0"]
[WhiteElo "1980"]
[BlackElo "1775"]
[PlyCount "49"]
[EventDate "2004.11.07"]
[SourceDate "2004.09.21"]

1. e4 d6 2. d4 Nf6 3. Nc3 e5 4. Nf3 exd4 5. Nxd4 Be7 6. Be2 O-O 7. O-O c6 8. a4
Nbd7 9. Be3 d5 10. exd5 cxd5 11. Bf4 Nc5 12. Ncb5 a6 13. Nc3 Bd6 14. Bxd6 Qxd6
15. Bf3 Nce4 16. Nce2 Ng4 17. Bxg4 Bxg4 18. f3 Bxf3 19. Rxf3 h5 20. Ng3 Nxg3
21. Rxg3 h4 22. Rxg7+ Kh8 23. Qh5+ Kxg7 24. Nf5+ Kf6 25. Nxd6 1-0

[Event "4NCL/Div4b/MET vs. FCA2"]
[Site "Telford ENG"]
[Date "2004.11.07"]
[Round "2.5"]
[White "Hassan, Rami"]
[Black "Billsberry, Jon"]
[Result "0-1"]
[WhiteElo "1775"]
[BlackElo "1805"]
[PlyCount "44"]
[EventDate "2004.11.07"]
[SourceDate "2004.09.21"]

1. f4 f5 2. Nf3 Nf6 3. b3 d6 4. Bb2 e6 5. e3 Be7 6. Bd3 b6 7. Qe2 Nbd7 8. Na3
Nc5 9. Bb5+ Bd7 10. O-O-O a6 11. Bxd7+ Qxd7 12. b4 Na4 13. Ba1 c5 14. bxc5 bxc5
15. g4 fxg4 16. Nh4 Rg8 17. Rhg1 d5 18. Bxf6 Bxf6 19. Rxg4 Qb7 20. Nc4 dxc4 21.
d3 Qb2+ 22. Kd2 Bc3# 0-1

[Event "4NCL/Div4b/MIN2 vs. PONTY"]
[Site "Telford ENG"]
[Date "2004.11.07"]
[Round "2.1"]
[White "Hardman, Michael J"]
[Black "Robinson, David"]
[Result "1/2-1/2"]
[WhiteElo "2102"]
[BlackElo "2036"]
[PlyCount "39"]
[EventDate "2004.11.07"]
[SourceDate "2004.09.21"]

1. d4 c5 2. d5 Nf6 3. c4 b5 4. cxb5 a6 5. b6 Qxb6 6. Nc3 g6 7. e4 d6 8. Nf3 Bg7
9. Nd2 O-O 10. Nc4 Qc7 11. Be2 Nbd7 12. O-O Nb6 13. Ne3 e6 14. dxe6 Bxe6 15. f4
Rad8 16. Bf3 Bc8 17. Qc2 Bb7 18. Rb1 Rfe8 19. Rd1 Bh6 20. Ned5 1/2-1/2

[Event "4NCL/Div4b/MIN2 vs. PONTY"]
[Site "Telford ENG"]
[Date "2004.11.07"]
[Round "2.2"]
[White "James, Dai"]
[Black "Hawkins, J Nick"]
[Result "1/2-1/2"]
[WhiteElo "2011"]
[BlackElo "2039"]
[PlyCount "43"]
[EventDate "2004.11.07"]
[SourceDate "2004.09.21"]

1. e4 d5 2. d4 dxe4 3. Nc3 Nf6 4. f3 e3 5. Bxe3 e6 6. Bd3 Be7 7. Nge2 b6 8. Ne4
Bb7 9. O-O Nbd7 10. c3 O-O 11. N2g3 c5 12. Qc2 Nd5 13. Bf2 cxd4 14. Bxd4 Rc8
15. Qd2 e5 16. c4 Nb4 17. Bf2 Nxd3 18. Qxd3 Nc5 19. Nxc5 Bxc5 20. Qxd8 Rfxd8
21. Bxc5 Rxc5 22. Rad1 1/2-1/2

[Event "4NCL/Div4b/MIN2 vs. PONTY"]
[Site "Telford ENG"]
[Date "2004.11.07"]
[Round "2.3"]
[White "Ackley, Peter"]
[Black "Jones, Derek C"]
[Result "1/2-1/2"]
[WhiteElo "2050"]
[BlackElo "1961"]
[PlyCount "26"]
[EventDate "2004.11.07"]
[SourceDate "2004.09.21"]

1. Nc3 c5 2. Nf3 Nf6 3. d4 cxd4 4. Qxd4 Nc6 5. Qh4 g6 6. e4 d6 7. Bc4 Bg7 8.
Bh6 O-O 9. Ng5 Qa5 10. O-O Nh5 11. Bxg7 Kxg7 12. Kh1 h6 13. Nh3 Bxh3 1/2-1/2

[Event "4NCL/Div4b/MIN2 vs. PONTY"]
[Site "Telford ENG"]
[Date "2004.11.07"]
[Round "2.4"]
[White "Gwynne, David"]
[Black "Gillibrand, John"]
[Result "0-1"]
[WhiteElo "2005"]
[BlackElo "2049"]
[PlyCount "58"]
[EventDate "2004.11.07"]
[SourceDate "2004.09.21"]

1. c4 d6 2. Nc3 e5 3. d4 exd4 4. Qxd4 Nc6 5. Qd1 g6 6. Nf3 Bg7 7. Bg5 Nf6 8. g3
h6 9. Bd2 O-O 10. Qc1 Kh7 11. h3 Re8 12. Bg2 Be6 13. b3 Qd7 14. g4 d5 15. g5
Ne4 16. Nxe4 dxe4 17. Nh4 Bxa1 18. Qxa1 Rad8 19. Be3 h5 20. Bxe4 Bxh3 21. Bd3
Ne5 22. Be4 Qg4 23. Nf3 Qxe4 24. Rxh3 Ng4 25. Rh4 Qe7 26. Rxh5+ gxh5 27. Qb1+
Qe4 28. g6+ Kxg6 29. Nh4+ Kh7 0-1